000 00503nam a2200169Ia 4500
008 090124s9999 xx 000 0 und d
082 _b6436
100 _aदादूमिया
245 _a दलितांचे राजकारण
250 _a0
300 _a186
600 _aदादूमिया
630 _a दलितांचे राजकारण
700 _aदादूमिया
730 _a दलितांचे राजकारण
942 _cBOOK
999 _c84691
_d84691